01112cam a2200241 a 450000500170000000800410001702000150005805000220007310000240009524500990011925000110021826000870022930000300031650400440034665000190039065000520040965000530046165100580051494200130057299900170058595201430060295201250074520150805124505.0150805b mx ||||| |||| 00| 0 spa d a970701074604aBV4224 bD44 20001 aDehouve, Danièle.10aRudingero el borracho y otros exempla medievales del México virreinal / cDanièle Dehouve. a1a ed. aMéxico :bCIESAS : Universidad Iberoamericana : Miguel Ángel Porrúa, c2000. a202 p. : bil. ; c23 cm. aBibliografía: p. 197-[203] e índice 72LEMBaSermones 72LEMBaLiteratura medievalxHistoria y crítica 72LEMBaLiteratura religiosaxHistoria y crítica 72LEMBaMéxicoxHistoriaxVida religiosa y costumbres 2lcccLIB c54863d54863 102lcc4070aINV-033bINV-033cGENERALd2015-08-05f1a. ed.iHkEHoBV4224 D44 2000pIIH000012890r2015-08-05 00:00:00tC:1yLIBzGENERAL 102lcc4070aUCIHbUCIHcCMAPd2017-04-07eDONf1a ed.kCSAoBV4224 D44 2000pBCU000018209r2017-04-07 00:00:00t1yLIB